[Event "World Junior U20 Open 2018"]
[Site "Gebze"]
[Date "2018.09.10"]
[Round "6.56"]
[White "Zarubitski, Viachaslau"]
[Black "Cirovic, Miroljub"]
[Result "1/2-1/2"]
[WhiteElo "2425"]
[BlackElo "2181"]
[Annotator "TA"]
[PlyCount "48"]
[EventDate "2018.09.05"]
[EventType "swiss"]
[EventCountry "TUR"]
[SourceTitle "playchess.com"]
[Source "ChessBase"]
[SourceQuality "1"]

{[%evp 22,48,30,33,38,24,38,18,29,14,21,-6,21,26,24,24,28,-10,0,3,10,-15,-16,-22,-15,-15,-14,-8,-5]} 1. d4 Nf6 2. Bf4 e6 3. e3 c5 4. Nd2 cxd4 5. exd4 b6 6. Ngf3 Bb7 7. c3 Be7 8. Bd3 O-O 9. O-O d6 10. h3 a6 {A47: 1 d4 Nf6 2 Nf3 b6: Torre, London and Colle Systems} (10... Nbd7 11. Qe2 a6 12. a4 Re8 13. Bh2 h6 14. Rfe1 Bf8 15. Nc4 Qc7 16. Ne3 Nd5 17. Nxd5 Bxd5 18. Bxa6 Bxf3 19. gxf3 {1-0 (34) Carlsen,M (2837)-Akobian,V (2647) Riadh 2017}) 11. Bh2 Nbd7 12. Qe2 {LiveBook: 4 Games} h6 $146 {White is slightly better.} ({Predecessor:} 12... Re8 13. a4 Bf8 14. Ne4 Nxe4 15. Bxe4 Bxe4 16. Qxe4 {1-0 (49) Sedlak,N (2557)-Petrik,T (2474) Hungary 2016}) 13. Rfd1 Qc7 14. Rac1 Rfe8 15. c4 e5 16. Bb1 exd4 17. Nxd4 Bf8 18. Qf1 Rac8 19. Re1 Qb8 {The position is equal.} 20. Rxe8 Rxe8 21. Re1 g6 22. Bc2 Qa8 23. Rxe8 Qxe8 24. Qe2 d5 {Precision: White = 21%, Black = 55%.} 1/2-1/2

[Event "World Junior U20 Open 2018"]
[Site "Gebze"]
[Date "2018.09.10"]
[Round "6.57"]
[White "Nalbant, Tuna Onat"]
[Black "Secheres, Adrian-Simion"]
[Result "1/2-1/2"]
[WhiteElo "2241"]
[BlackElo "2408"]
[Annotator "NA"]
[PlyCount "96"]
[EventDate "2018.09.05"]
[EventType "swiss"]
[EventCountry "TUR"]
[SourceTitle "playchess.com"]
[Source "ChessBase"]
[SourceQuality "1"]
[TimeControl "40/5400+30:1800+30"]

1. e4 {[%emt 0:00:30]} e5 {[%emt 0:00:30]} 2. Nf3 {[%emt 0:00:30]} Nc6 {[%emt 0:00:30]} 3. Bc4 {[%emt 0:00:30]} Nf6 {[%emt 0:00:00]} 4. d3 {[%emt 0:00:30]} Be7 {[%emt 0:00:30]} 5. c3 {[%emt 0:00:30]} O-O {[%emt 0:00:30]} 6. Nbd2 {[%emt 0:01:30]} d6 {[%emt 0:01:00] C55: Two Knights: 4 d3, 4 d4 exd4 5 e5 and Max Lange Attack} 7. Bb3 {[%emt 0:03:30]} Na5 {[%emt 0:00:30]} 8. Bc2 {[%emt 0:01:30]} c5 {[%emt 0:00:30]} 9. Nf1 {[%emt 0:03:30]} Nc6 {[%emt 0:01:00]} 10. Ng3 {[%emt 0:02:30]} d5 {[%emt 0:01:30]} (10... Re8 11. O-O d5 12. Re1 d4 13. Bb3 Be6 14. Ng5 {1-0 (67) Neiksans,A (2631)-Ponomariov,R (2709) Tallinn 2016}) 11. Qe2 {[%emt 0:02:30]} Re8 {[%emt 0:06:30]} 12. O-O {[%emt 0:01:30]} h6 {[%emt 0:02:30]} 13. h3 {[%emt 0:11:30]} Be6 $146 {[%emt 0:04:30]} ({Predecessor:} 13... Bf8 14. a3 {½-½ (67) Rathnakaran,K (2386)-Ghosh,D (2288) Aurangabad 2011}) 14. Re1 {[%emt 0:08:30]} Qd7 {[%emt 0:09:30]} 15. Ba4 {[%emt 0:05:30]} Bd6 {[%emt 0:08:30]} 16. Nh4 {[%emt 0:06:30]} a6 {[%emt 0:10:30]} 17. Qf3 {[%emt 0:06:30]} b5 {[%emt 0:06:30]} 18. Bc2 Qd8 19. Ngf5 Bf8 20. g4 Nh7 21. Ng2 {[%emt 1:11:30]} d4 {[%emt 1:12:30]} 22. Rd1 {[%emt 0:13:48]} Ra7 {[%emt 0:02:30]} 23. a4 {[%emt 0:02:31]} Rc7 {[%emt 0:09:13]} 24. axb5 {[%emt 0:01:21]} axb5 {[%emt 0:00:30]} 25. Qg3 {[%emt 0:03:27]} f6 {[%emt 0:02:37]} 26. Bd2 {[%emt 0:07:00]} Qc8 {[%emt 0:04:01]} 27. Rdb1 {[%emt 0:02:37]} Nd8 {[%emt 0:00:49]} 28. b3 {[%emt 0:00:30]} dxc3 {[%emt 0:00:30]} 29. Bxc3 {[%emt 0:00:30]} b4 {[%emt 0:00:30]} 30. Bd2 {[%emt 0:00:30]} Nc6 {[%emt 0:00:30]} 31. Nge3 {[%emt 0:00:30]} g6 {[%emt 0:00:30]} 32. Nh4 {[%emt 0:00:30]} Nd4 {[%emt 0:00:30]} 33. Bd1 {[%emt 0:00:30]} Bf7 {[%emt 0:00:30]} 34. Nf3 {[%emt 0:00:30]} Rd8 {[%emt 0:00:30]} 35. Nxd4 {[%emt 0:00:00]} Rxd4 {[%emt 0:05:31]} 36. Be2 {[%emt 0:00:14]} Ng5 {[%emt 0:03:06]} 37. Bc1 {[%emt 0:00:12]} Rd6 {[%emt 0:01:07]} 38. h4 {[%emt 0:00:50]} Ne6 {[%emt 0:00:26]} 39. Nc4 {[%emt 0:01:15]} Nd4 {[%emt 0:01:01]} 40. Bd1 {[%emt 0:01:05]} Bxc4 {[%emt 0:00:00]} 41. dxc4 {[%emt 0:03:10]} g5 {[%emt 0:01:39]} 42. Be3 {[%emt 0:08:30]} Ne6 {[%emt 0:07:30]} 43. Be2 {[%emt 0:05:53]} Rcd7 {[%emt 0:09:31]} 44. h5 {[%emt 0:04:27]} Ra6 $11 {[%emt 0:05:40]} 45. Qf3 {[%emt 0:03:04]} Ng7 {[%emt 0:01:36]} 46. Rxa6 {[%emt 0:02:48]} Qxa6 {[%emt 0:00:02]} 47. Rd1 {[%emt 0:00:00]} Rxd1+ {[%emt 0:03:18]} 48. Bxd1 {[%emt 0:00:00]} Qd6 {[%emt 0:00:30]} 1/2-1/2

[Event "World Junior U20 Open 2018"]
[Site "Gebze"]
[Date "2018.09.10"]
[Round "6.58"]
[White "Zhao, Chenxi"]
[Black "Urazayev, Arystanbek"]
[Result "0-1"]
[WhiteElo "2275"]
[BlackElo "2333"]
[Annotator "NA"]
[PlyCount "61"]
[EventDate "2018.09.05"]
[EventType "swiss"]
[EventCountry "TUR"]
[SourceTitle "playchess.com"]
[Source "ChessBase"]
[SourceQuality "1"]
[TimeControl "40/5400+30:1800+30"]

1. e4 {[%emt 0:00:30]} e5 {[%emt 0:00:30]} 2. Nf3 {[%emt 0:00:30]} Nc6 {[%emt 0:00:30]} 3. Bb5 {[%emt 0:00:00]} a6 {[%emt 0:00:00]} 4. Ba4 {[%emt 0:00:00]} Nf6 {[%emt 0:00:00]} 5. O-O {[%emt 0:00:00]} Be7 {[%emt 0:00:00]} 6. Bxc6 {[%emt 0:00:00]} dxc6 {[%emt 0:01:00]} 7. d3 {[%emt 0:00:30]} Nd7 {[%emt 0:01:30]} 8. Nbd2 {[%emt 0:02:00]} O-O {[%emt 0:03:30]} 9. Nc4 {[%emt 0:00:30]} f6 {[%emt 0:01:30]} 10. Ne3 {[%emt 0:18:30] LiveBook: 7 Games} Nc5 {[%emt 0:02:30] C85: Closed Ruy Lopez: Deferred Exchange Variation} 11. b3 {[%emt 0:00:30]} (11. Nf5 Bxf5 12. exf5 Qd7 13. Nh4 Rfe8 14. Be3 Na4 15. Qg4 b5 16. b3 Nc3 17. Nf3 Nd5 {0-1 (67) Andreikin,D (2737)-Dominguez Perez,L (2726) Tbilisi 2015 CBM 165 [Pavlovic,M]}) 11... Rf7 {[%emt 0:00:30]} 12. Bb2 {[%emt 0:00:30]} Bf8 {[%emt 0:09:30]} 13. Kh1 $146 {[%emt 0:01:30]} ({Predecessor:} 13. Qe2 Ne6 14. Rfd1 Nd4 15. Nxd4 exd4 16. Nf1 f5 17. e5 f4 18. Nd2 {0-1 (59) Rogulski,W (2144)-Kurpiewski,S (2212) Mazowsze 2009}) 13... Ne6 {[%emt 0:03:30]} 14. Ng1 {[%emt 0:00:30]} c5 {[%emt 0:15:30]} 15. Ne2 {[%emt 0:00:00]} Qe8 {[%emt 0:01:30]} 16. f4 {[%emt 0:07:30]} exf4 {[%emt 0:00:30]} 17. Nxf4 $11 {[%emt 0:01:30]} Nxf4 18. Rxf4 Bd6 19. Rf1 Be5 20. Qc1 b5 21. a4 c6 22. axb5 cxb5 23. c4 Rb8 24. Rb1 Rfb7 25. Ba3 {[%emt 1:22:30]} Qh5 {[%emt 1:01:30]} 26. g3 {[%emt 0:00:30]} Bxg3 {[%emt 0:00:30]} 27. Qc2 {[%emt 0:02:26]} Bh3 {[%emt 0:10:30]} 28. Qd1 {[%emt 0:00:32]} Qxd1 {[%emt 0:02:30]} 29. Rfxd1 {[%emt 0:00:29]} Bf2 {[%emt 0:06:30]} 30. Bxc5 {[%emt 0:01:30]} bxc4 {[%emt 0:00:30]} 31. Rb2 {[%emt 0:02:28]} 0-1

[Event "World Junior U20 Open 2018"]
[Site "Gebze"]
[Date "2018.09.10"]
[Round "6.59"]
[White "Yilmaz, Goktan"]
[Black "Suleymenov, Alisher"]
[Result "0-1"]
[WhiteElo "2237"]
[BlackElo "2307"]
[Annotator "NA"]
[PlyCount "106"]
[EventDate "2018.09.05"]
[EventType "swiss"]
[EventCountry "TUR"]
[SourceTitle "playchess.com"]
[Source "ChessBase"]
[SourceQuality "1"]
[TimeControl "40/5400+30:1800+30"]

1. e4 {[%emt 0:00:30]} e6 {[%emt 0:00:30]} 2. d4 {[%emt 0:00:30]} d5 {[%emt 0:00:00]} 3. Nc3 {[%emt 0:00:00]} Bb4 {[%emt 0:00:00]} 4. e5 {[%emt 0:00:00]} Ne7 {[%emt 0:00:00]} 5. a3 {[%emt 0:00:30]} Bxc3+ {[%emt 0:00:00]} 6. bxc3 {[%emt 0:00:00]} c5 {[%emt 0:00:30]} 7. a4 {[%emt 0:00:00]} Qc7 {[%emt 0:02:30]} 8. Nf3 {[%emt 0:00:30]} h6 {[%emt 0:02:30]} 9. Bd3 {[%emt 0:05:00] C19: French: 3 Nc3 Bb4: Main line: 7 Nf3 and 7 a4} (9. Qd2 O-O 10. Bd3 b6 11. a5 Ba6 12. O-O Bxd3 13. cxd3 Nd7 14. h4 Nc6 15. axb6 axb6 16. Rb1 Ra4 {0-1 (71) Giri,A (2782)-So,W (2778) Leuven 2018}) 9... b6 {[%emt 0:01:30]} 10. O-O {[%emt 0:01:30]} Ba6 {[%emt 0:00:30]} 11. Ba3 {[%emt 0:04:30]} Bxd3 {[%emt 0:05:30]} 12. cxd3 {[%emt 0:03:30]} Nd7 {[%emt 0:00:30]} 13. Rc1 {[%emt 0:03:30]} O-O {[%emt 0:00:00]} 14. Re1 {[%emt 0:00:30]} Rfc8 {[%emt 0:19:30]} 15. Nh4 $146 {[%emt 0:04:30]} ({Predecessor:} 15. dxc5 bxc5 16. d4 Qa5 17. c4 Rab8 18. dxc5 Nxc5 19. Rf1 Rb7 20. cxd5 Nxd5 {½-½ (34) Ventimiglia,C (1669)-Ivanov,H (2122) IECG email 2001}) 15... Nf8 {[%emt 0:14:30]} 16. dxc5 {[%emt 0:05:30]} bxc5 {[%emt 0:00:30]} 17. d4 {[%emt 0:00:30]} Nd7 {[%emt 0:09:30]} 18. f4 {[%emt 0:02:30]} Rab8 {[%emt 0:05:30]} 19. Rf1 {[%emt 0:05:30]} Qb6 {[%emt 0:05:30]} 20. Qh5 {[%emt 0:24:30]} f5 $14 {[%emt 1:14:00]} (20... Qa6 $11) 21. exf6 {[%emt 1:10:30]} Nxf6 {[%emt 0:00:30]} 22. Qe5 {[%emt 0:00:30]} Nd7 {[%emt 0:00:30]} 23. Qe2 {[%emt 0:01:30]} Nf5 {[%emt 0:10:14]} 24. Nxf5 {[%emt 0:01:30]} exf5 {[%emt 0:01:54]} 25. Qd3 {[%emt 0:01:30]} cxd4 {[%emt 0:05:01]} 26. cxd4 {[%emt 0:00:30]} Nf6 {[%emt 0:00:05]} 27. Bc5 {[%emt 0:01:30]} Qe6 {[%emt 0:00:30]} 28. Bxa7 {[%emt 0:03:30]} Rxc1 {[%emt 0:00:06]} 29. Rxc1 {[%emt 0:00:30]} Ra8 {[%emt 0:00:30]} 30. Bc5 {[%emt 0:00:30]} Rxa4 {[%emt 0:01:47]} 31. Rb1 {[%emt 0:02:30]} Ra2 {[%emt 0:02:08]} 32. h3 {[%emt 0:03:28]} Ne4 {[%emt 0:03:30]} 33. Qb3 {[%emt 0:01:02]} Ra6 {[%emt 0:04:17]} 34. Rd1 {[%emt 0:05:48]} Kh7 {[%emt 0:00:21]} 35. Qb7 {[%emt 0:02:50]} Ra2 {[%emt 0:00:42]} 36. Qb3 {[%emt 0:03:09]} Rf2 {[%emt 0:00:48]} 37. Qb6 {[%emt 0:01:39]} Qf7 {[%emt 0:00:32]} 38. Re1 {[%emt 0:00:24]} Rc2 {[%emt 0:01:01]} 39. Qb3 {[%emt 0:01:42]} Rd2 {[%emt 0:00:30]} 40. Rd1 {[%emt 0:00:34]} Rf2 {[%emt 0:00:00]} 41. Qe3 {[%emt 0:04:24]} Qh5 {[%emt 0:10:34]} 42. Rc1 {[%emt 0:04:30]} Re2 {[%emt 0:13:21]} 43. Qf3 {[%emt 0:04:30]} Qxf3 {[%emt 0:00:10]} 44. gxf3 {[%emt 0:00:30]} Nd2 {[%emt 0:00:14]} 45. Rc3 {[%emt 0:00:30]} Kg6 {[%emt 0:02:00]} 46. Bd6 {[%emt 0:01:30]} Kh5 {[%emt 0:02:47]} 47. Rc7 {[%emt 0:01:30]} g5 {[%emt 0:03:58]} 48. fxg5 {[%emt 0:09:26]} hxg5 {[%emt 0:00:30]} 49. f4 {[%emt 0:00:30]} g4 {[%emt 0:00:30]} 50. Rh7+ {[%emt 0:02:53]} Kg6 {[%emt 0:00:02]} 51. Rh8 {[%emt 0:00:00]} g3 {[%emt 0:01:28]} 52. Rg8+ {[%emt 0:01:12]} Kf7 {[%emt 0:00:08]} 53. Rf8+ {[%emt 0:03:41]} Kg7 {[%emt 0:00:09]} 0-1

[Event "World Junior U20 Open 2018"]
[Site "Gebze"]
[Date "2018.09.10"]
[Round "6.60"]
[White "Silva, David"]
[Black "Ozenir, Ekin Baris"]
[Result "0-1"]
[WhiteElo "2223"]
[BlackElo "2303"]
[Annotator "TA"]
[PlyCount "55"]
[EventDate "2018.09.05"]
[EventType "swiss"]
[EventCountry "TUR"]
[SourceTitle "playchess.com"]
[Source "ChessBase"]
[SourceQuality "1"]

{[%evp 13,55,36,58,28,26,12,14,18,50,-45,-30,-39,-23,1,-29,-32,-18,-125,-134,-172,-183,-218,-116,-139,-158,-137,-164,-187,-154,-288,-275,-516,-34,-591,-575,-559,-579,-639,-598,-596,-588,-549,-433,-433]} 1. e4 Nc6 2. Nf3 d6 3. d4 Nf6 4. Nc3 g6 5. h3 Bg7 6. Be3 O-O 7. Qd2 e5 {LiveBook: 53 Games} 8. d5 {B08: Pirc Defence: Classical System} (8. dxe5 dxe5 9. Qxd8 Rxd8 10. Bc4 h6 11. Rd1 Rxd1+ 12. Kxd1 Ne8 13. Bb5 Nd6 14. Bxc6 bxc6 15. Nd2 Be6 {1-0 (71) Nguyen,N (2629)-Mamedov,R (2688) Doha 2016}) 8... Ne7 9. O-O-O Bd7 10. g4 {The position is equal.} b5 {[%cal Bb7b5,Bb5b4][%mdl 32]} 11. Bd3 $146 (11. g5 $14 b4 12. gxf6 bxc3 13. Qxc3 Bxf6 14. Rg1) ({Predecessor:} 11. g5 b4 12. gxf6 bxc3 13. Qxc3 Bxf6 14. h4 h5 15. Ng5 Bg7 {1-0 (28) Panzalovic,S (2433)-Merkert,M (2229) Germany 2016}) 11... b4 $15 12. Ne2 a5 (12... Nexd5 $5 13. exd5 e4 $11) 13. Ng3 c6 14. dxc6 Bxc6 15. Rdg1 (15. Bh6 $11) 15... Qc7 $17 16. g5 Nd7 17. h4 Rac8 (17... d5 $19 {aiming for ...d4.} 18. exd5 Bxd5) 18. Kb1 {[#]} d5 $1 {[%cal Rd5d4]} 19. Qe2 a4 {[%cal Ba5a4,Ba4a3][%mdl 32]} 20. h5 a3 21. b3 (21. hxg6 $17 fxg6 22. Nd2) 21... dxe4 $19 22. Nxe4 $2 (22. Bxe4 Nd5 23. Bd2) 22... Nd5 $2 (22... Bxe4 $19 23. Bxe4 {[#]} Nd5 $1 {[%mdl 512]} 24. Bxd5 Qc3) 23. Bc1 $2 {[%mdl 8192] [#]} (23. Nfd2 $15) 23... Nc5 $1 {[%mdl 512] Hoping for ...Nxe4.Black is clearly winning.} 24. Nfd2 (24. Nxc5 Nc3+) 24... Nf4 25. Qe3 Ncxd3 26. cxd3 Bxe4 27. Nxe4 Qc2+ 28. Ka1 {Precision: White = 24%, Black = 60%.} 0-1

[Event "World Junior U20 Open 2018"]
[Site "Gebze"]
[Date "2018.09.10"]
[Round "6.61"]
[White "De Block, Yordi"]
[Black "Garidmagnai, Byambasuren"]
[Result "0-1"]
[WhiteElo "2118"]
[BlackElo "2287"]
[Annotator "TA"]
[PlyCount "28"]
[EventDate "2018.09.05"]
[EventType "swiss"]
[EventCountry "TUR"]
[SourceTitle "playchess.com"]
[Source "ChessBase"]
[SourceQuality "1"]

{[%evp 9,28,-31,22,22,89,-30,-33,-91,-95,-124,-127,-127,-116,-126,-110,-431,-441,-439,-439,-441,-434]} 1. d4 Nf6 2. Bg5 c5 3. Nc3 Qb6 (3... cxd4 4. Qxd4 Nc6 5. Qh4 e6 6. O-O-O Be7 7. e4 a6 8. Nf3 Qc7 9. Bd3 d6 10. Rhe1 Bd7 11. e5 dxe5 12. Ne4 Nd5 13. Bxe7 Ncxe7 14. Ng3 f6 15. Nh5 {0-1 (39) Rapport,R (2702)-Adhiban,B (2653) Wijk aan Zee 2017 CBM 177 [Adhiban,B]}) 4. Bxf6 gxf6 5. e3 e6 (5... cxd4 $15 6. Qxd4 Qxb2) 6. d5 $11 {A45: Trompowsky Attack} a6 (6... Qxb2 $11 {keeps the balance.} 7. Nge2 f5) 7. dxe6 $146 (7. Rb1 $16) ({Predecessor:} 7. Rb1 f5 8. Bc4 Bg7 9. a3 Qa5 10. Nge2 b5 11. Bb3 O-O 12. O-O {0-1 (46) Kuebart,E-Makarczyk,K Miedzyzdroje 1952}) 7... dxe6 8. Qd2 ({White should try} 8. Rb1 $15) 8... Qxb2 $17 9. Rb1 Qa3 10. Be2 Qa5 11. Bf3 Nd7 12. Bxb7 $2 {[%mdl 8192]} (12. Nge2 $17 {is a better chance.}) 12... Bxb7 $19 {Black is clearly winning.} 13. Rxb7 {[%csl Gb7][%cal Rd2d7] [#]} O-O-O $1 14. Ra7 {White wants to play Qd3.} Nb8 {Precision: White = 43%, Black = 63%.} 0-1

[Event "World Junior U20 Open 2018"]
[Site "Gebze"]
[Date "2018.09.10"]
[Round "6.62"]
[White "Cadilhac, Igor Tokuichi Kikuc"]
[Black "Ozturk, Efe Hakan"]
[Result "1-0"]
[WhiteElo "2286"]
[BlackElo "2065"]
[Annotator "NA"]
[PlyCount "59"]
[EventDate "2018.09.05"]
[EventType "swiss"]
[EventCountry "TUR"]
[SourceTitle "playchess.com"]
[Source "ChessBase"]
[SourceQuality "1"]
[TimeControl "40/5400+30:1800+30"]

1. e4 {[%emt 0:00:30]} c5 {[%emt 0:00:30]} 2. Nf3 {[%emt 0:00:00]} d6 {[%emt 0:00:30]} 3. d4 {[%emt 0:00:00]} cxd4 {[%emt 0:00:30]} 4. Nxd4 {[%emt 0:00:30]} Nf6 {[%emt 0:00:30]} 5. Nc3 {[%emt 0:00:30]} g6 {[%emt 0:00:00]} 6. Be3 {[%emt 0:00:00]} Bg7 {[%emt 0:00:00]} 7. Be2 {[%emt 0:00:30]} a6 {[%emt 0:02:30]} 8. f4 {[%emt 0:01:00]} O-O {[%emt 0:05:30]} 9. Nb3 {[%emt 0:06:30]} Nc6 {[%emt 0:07:30] LiveBook: 50 Games} 10. Bf3 {[%emt 0:00:30] B72: Sicilian Dragon: 6 Be3, lines with h3+Bc4 and sidelines} (10. O-O b5 11. Bf3 Bb7 12. Qe1 b4 13. Nd5 Nd7 14. Nxb4 Bxb2 15. Rb1 Bg7 16. Nd3 Rb8 17. c4 a5 18. a4 Ba6 19. Nd2 Rxb1 20. Qxb1 {½-½ (55) Negi,P (2664)-Hou,Y (2683) Saint Louis 2015}) 10... Qc7 {[%emt 0:05:30]} 11. g4 {[%emt 0:00:30]} b5 {[%emt 0:00:30]} 12. g5 {[%emt 0:13:30]} Nd7 {[%emt 0:02:30]} 13. Qd2 $146 {[%emt 0:03:30]} ({Predecessor:} 13. h4 Nb6 14. h5 Nb4 15. hxg6 hxg6 16. Bd4 e5 17. fxe5 Nc4 {1-0 (32) Akhayan,R (2305)-Hafner,C (2128) Belgium 2011}) 13... Nb6 {[%emt 0:09:30]} 14. Nd5 {[%emt 0:01:30]} Nxd5 {[%emt 0:00:30]} 15. exd5 {[%emt 0:00:30]} Nb8 {[%emt 0:02:30]} 16. Bd4 {[%emt 0:04:30]} Bxd4 {[%emt 0:15:30]} 17. Nxd4 {[%emt 0:00:30]} Nd7 {[%emt 0:03:30]} 18. h4 {[%emt 0:02:30]} Nb6 {[%emt 0:01:30]} 19. h5 {[%emt 0:01:30]} e5 {[%emt 0:17:30]} 20. dxe6 {[%emt 0:04:30]} Bb7 {[%emt 0:01:30]} 21. Bxb7 {[%emt 0:07:30]} Qxb7 {[%emt 0:00:30]} 22. O-O-O {[%emt 0:01:30]} Nc4 $18 {[%emt 0:09:31]} 23. Qh2 {[%emt 0:02:30]} Rac8 {[%emt 1:31:11]} 24. Kb1 {[%emt 0:53:00]} b4 {[%emt 0:00:30]} 25. exf7+ {[%emt 0:00:30]} Qxf7 {[%emt 0:00:30]} 26. hxg6 {[%emt 0:00:30]} Qxg6 {[%emt 0:00:30]} 27. f5 {[%emt 0:00:30]} Rxf5 {[%emt 0:00:30]} 28. Nxf5 {[%emt 0:00:30]} Qxf5 {[%emt 0:00:30]} 29. g6 {[%emt 0:08:30]} Rc7 {[%emt 0:08:01]} 30. gxh7+ {[%emt 0:03:30]} 1-0

[Event "World Junior U20 Open 2018"]
[Site "Gebze"]
[Date "2018.09.10"]
[Round "6.63"]
[White "Gulbeyaz, Emir"]
[Black "Ozgur, Tibet Kagan"]
[Result "0-1"]
[WhiteElo "2285"]
[BlackElo "2056"]
[Annotator "NA"]
[PlyCount "80"]
[EventDate "2018.09.05"]
[EventType "swiss"]
[EventCountry "TUR"]
[SourceTitle "playchess.com"]
[Source "ChessBase"]
[SourceQuality "1"]
[TimeControl "40/5400+30:1800+30"]

1. Nf3 {[%emt 0:00:30]} Nf6 {[%emt 0:01:30]} 2. g3 {[%emt 0:01:30]} b5 {[%emt 0:01:30]} 3. Bg2 {[%emt 0:01:30]} Bb7 {[%emt 0:00:30]} 4. Na3 {[%emt 0:00:00]} a6 {[%emt 0:06:30]} 5. c4 {[%emt 0:00:00]} e5 {[%emt 0:04:30]} 6. cxb5 {[%emt 0:08:30]} Bxa3 {[%emt 0:00:30] LiveBook: 7 Games} 7. bxa3 {[%emt 0:03:30]} O-O {[%emt 0:01:30]} 8. bxa6 {[%emt 0:00:30]} Nxa6 {[%emt 0:00:30]} 9. d3 {[%emt 0:00:30]} Re8 {[%emt 0:00:30]} 10. O-O {[%emt 0:00:30]} Nc5 {[%emt 0:13:30]} 11. Rb1 {[%emt 0:06:30]} Bc6 {[%emt 0:17:30]} 12. Bb2 {[%emt 0:08:30]} d6 {[%emt 0:01:30]} 13. Qc1 {[%emt 0:01:30]} Bd5 {[%emt 0:06:30]} (13... Nfd7 $11) 14. Nh4 $11 {[%emt 0:13:30]} (14. Nxe5 $5 Bxg2 15. Kxg2 $14) 14... Ra4 15. Bxd5 Nxd5 16. e4 Nf4 17. gxf4 Qxh4 18. Qd1 Qxf4 19. Bc1 Qh4 {[%emt 1:14:30]} 20. Rb4 {[%emt 1:09:00]} Ra6 {[%emt 0:00:30]} 21. f4 {[%emt 0:10:30]} Qh3 {[%emt 0:06:13]} 22. Rf3 {[%emt 0:00:30]} Qg4+ {[%emt 0:02:08]} 23. Kh1 {[%emt 0:01:30]} exf4 {[%emt 0:01:21]} 24. Rb2 {[%emt 0:00:30]} d5 {[%emt 0:03:27]} 25. Rg2 {[%emt 0:01:17]} Qh5 {[%emt 0:01:42]} 26. Bxf4 {[%emt 0:09:21]} dxe4 {[%emt 0:01:14]} 27. Rxg7+ {[%emt 0:02:17]} Kh8 {[%emt 0:02:39]} 28. dxe4 {[%emt 0:03:16]} Nxe4 {[%emt 0:02:33]} 29. Rg1 {[%emt 0:00:30]} Rf6 {[%emt 0:03:22]} 30. Rgf1 {[%emt 0:01:28]} c5 {[%emt 0:00:30]} 31. Qa1 {[%emt 0:00:30]} Kg8 {[%emt 0:00:41]} 32. Qc1 {[%emt 0:01:30]} Qd5 {[%emt 0:01:51]} 33. Rg1+ {[%emt 0:02:44]} Rg6 {[%emt 0:00:55]} 34. Rgf1 {[%emt 0:00:49]} Rf6 {[%emt 0:00:30]} 35. Rg1+ {[%emt 0:00:00]} Kh8 {[%emt 0:00:43]} 36. Qb2 {[%emt 0:00:37]} Rg8 {[%emt 0:00:31]} 37. Rxg8+ {[%emt 0:01:18]} Kxg8 {[%emt 0:00:30]} 38. Qb8+ {[%emt 0:00:30]} Kg7 {[%emt 0:00:30]} 39. Qb2 {[%emt 0:00:25]} c4 {[%emt 0:00:47]} 40. Be5 {[%emt 0:00:00]} Qd1+ {[%emt 0:00:30]} 0-1

[Event "World Junior U20 Open 2018"]
[Site "Gebze"]
[Date "2018.09.10"]
[Round "6.64"]
[White "Agdelen, Huseyin Can"]
[Black "Lin, Peisen"]
[Result "1-0"]
[WhiteElo "2280"]
[BlackElo "2034"]
[Annotator "NA"]
[PlyCount "71"]
[EventDate "2018.09.05"]
[EventType "swiss"]
[EventCountry "TUR"]
[SourceTitle "playchess.com"]
[Source "ChessBase"]
[SourceQuality "1"]
[TimeControl "40/5400+30:1800+30"]

1. e4 {[%emt 0:00:30]} e6 {[%emt 0:00:30]} 2. d3 {[%emt 0:00:30]} c5 {[%emt 0:01:30]} 3. g3 {[%emt 0:00:00]} Nc6 {[%emt 0:01:30]} 4. Bg2 {[%emt 0:02:30]} g6 {[%emt 0:00:30]} 5. Nc3 {[%emt 0:00:30]} Bg7 {[%emt 0:00:30]} 6. Be3 {[%emt 0:01:00]} d6 {[%emt 0:03:30]} 7. Qd2 {[%emt 0:01:30]} Nd4 {[%emt 0:00:30]} 8. Nce2 {[%emt 0:03:30]} Nxe2 {[%emt 0:02:30]} 9. Nxe2 {[%emt 0:00:30]} Bxb2 {[%emt 0:00:30]} 10. Rb1 {[%emt 0:00:00]} Bg7 {[%emt 0:00:30]} 11. O-O {[%emt 0:10:30]} Ne7 {[%emt 0:00:30]} 12. d4 {[%emt 0:28:30]} Qc7 {[%emt 0:03:30]} 13. Nc3 {[%emt 0:15:30]} Bd7 {[%emt 0:01:30]} 14. dxc5 {[%emt 0:07:30]} dxc5 {[%emt 0:00:30]} 15. e5 {[%emt 0:00:30]} Rb8 {[%emt 0:13:30]} 16. Ne4 {[%emt 0:04:30]} Bc6 $1 {[%emt 0:17:30]} 17. Qd6 $11 {[%emt 1:31:46]} ({But not} 17. Nxc5 Bxg2 18. Kxg2 b6 $17) 17... Qxd6 {[%emt 1:02:30]} 18. exd6 {[%emt 0:00:04]} Nd5 {[%emt 0:06:30]} 19. Bxc5 {[%emt 0:00:24]} Kd7 {[%emt 0:03:30]} 20. c4 {[%emt 0:01:44]} Nb6 {[%emt 0:03:30]} 21. Rfd1 {[%emt 0:00:59]} f5 {[%emt 0:07:26]} 22. Nd2 {[%emt 0:01:43]} Na4 {[%emt 0:02:16]} 23. Bxa7 {[%emt 0:01:11]} Ra8 {[%emt 0:00:20]} 24. Bxc6+ {[%emt 0:01:15]} Kxc6 {[%emt 0:00:30]} 25. Be3 {[%emt 0:00:04]} Nb2 {[%emt 0:01:23]} 26. Rdc1 {[%emt 0:01:05]} Kxd6 {[%emt 0:00:55]} 27. c5+ {[%emt 0:01:20]} Kc6 {[%emt 0:00:54]} 28. Rc2 {[%emt 0:00:50]} Na4 {[%emt 0:00:58]} 29. Nc4 {[%emt 0:00:22]} Ra6 {[%emt 0:00:59]} 30. Rd1 {[%emt 0:00:55]} Nc3 {[%emt 0:04:24]} 31. Rd6+ {[%emt 0:00:56]} Kc7 {[%emt 0:02:16]} 32. Bf4 {[%emt 0:00:38]} Rxa2 {[%emt 0:04:45]} 33. Rxa2 {[%emt 0:00:23]} Nxa2 {[%emt 0:00:31]} 34. Rd2+ {[%emt 0:00:32]} e5 {[%emt 0:00:31]} 35. Nxe5 {[%emt 0:00:30]} Ra8 {[%emt 0:00:30]} 36. Rd7+ {[%emt 0:00:00]} 1-0